000 00197 a2200085 4500
020 _a 9781465461742
100 _a DK
245 _aArtist's Drawing Techniques
260 _bDK; Illustrated edition
_c2017
999 _c13258
_d13258